Datum a čas kvízu
29.5
Celkem bodů
Celkový počet nahraných bodů na tomto kvízu bez doplňovacích otázek.
11.
Pořadí na kvízu
Konečné umístění týmu na tomto kvízu.
Zaznamenané odpovědi
| # | Otázka | Odpověď | Body | Výsledky |
|---|---|---|---|---|
| 1. | Žatecký pivovar uvařil netradi... | 0 | ||
| 2. | V Evropské unii začalo platit... | 1 | ||
| 3. | Jeden z nejoriginálnějších umě... | 1 | ||
| 4. | O tom, že se podnikatel a vizi... | 0 | ||
| 5. | Minulý týden bylo oznámeno, že... | 1 | ||
| 6. | Ukrajina patří mezi největší z... | 1 | ||
| 7. | Hlavním a největším městem Ukr... | 1 | ||
| 8. | Jak se jmenuje prezident Ukraj... | 1 | ||
| 9. | Mezi nejtypičtější ukrajinské... | 0 | ||
| 10. | Ukrajina drží jeden zajímavý s... | 0 |